000 00718nam a22002177a 4500
003 UA-OsUOA
001 131811
007 ta
008 20180618b un ||||| |||| 00| 0 ukr d
100 _aДуб А. Р.
090 _a330(477)
_bД79
942 _cSA
040 _aUA-OsUOA
_bukr
_cUA-OsUOA
_dUA-OsUOA
245 _aТрансформація адміністрування податку з доходів фізичних осіб: світовий досвід і можливості для України
300 _aС.80-94
955 _a0
041 _aukr
080 _a330(477)
773 0 _w131806
_tФінанси України
_dК.
_d2018
_g5
650 7 _a330 Економіка взагалі
_2UDC
999 _c420212
_d420212